Văn thần Việt Nam
Sách chủ yếu đề cập đến các văn thần võ tướng từ tháng 8 - 1945 trở về trước. Quyển sách này chỉ là tài liệu thông tin, nhằm khẳng định những văn thần võ tướng, chứ không bao trùm nhiều mặt khác, sách liệt kê được 217 văn thần vo...
Đã lưu trong:
| Príomhúdar: | |
|---|---|
| Formáid: | Leabhar |
| Teanga: | Undetermined |
| Foilsithe: |
Hà Nội
Văn hoá Thông tin
2006
|
| Ábhair: | |
| Clibeanna: |
Cuir Clib Leis
Gan Chlibeanna, Bí ar an gcéad duine leis an taifead seo a chlibeáil!
|
| Thư viện lưu trữ: | Trung tâm Học liệu Trường Đại học Cần Thơ |
|---|
| LEADER | 00935nam a2200217Ia 4500 | ||
|---|---|---|---|
| 001 | CTU_112936 | ||
| 008 | 210402s9999 xx 000 0 und d | ||
| 020 | |c 48000 | ||
| 082 | |a 959.7 | ||
| 082 | |b Kh107 | ||
| 100 | |a Vũ, Ngọc Khánh | ||
| 245 | 0 | |a Văn thần Việt Nam | |
| 245 | 0 | |c Vũ Ngọc Khánh | |
| 260 | |a Hà Nội | ||
| 260 | |b Văn hoá Thông tin | ||
| 260 | |c 2006 | ||
| 520 | |a Sách chủ yếu đề cập đến các văn thần võ tướng từ tháng 8 - 1945 trở về trước. Quyển sách này chỉ là tài liệu thông tin, nhằm khẳng định những văn thần võ tướng, chứ không bao trùm nhiều mặt khác, sách liệt kê được 217 văn thần võ tướng. | ||
| 650 | |a Viet Nam | ||
| 650 | |x History | ||
| 904 | |i Minh | ||
| 980 | |a Trung tâm Học liệu Trường Đại học Cần Thơ | ||